01908nam a22002297a 450000500170000001000150001702000260003202000230005803500130008103700130009408200110010710000200011824500760013826000430021427000500025730000340030750000190034150506760036052005940103665000180163065000300164820141113112014.0 aENG-111185 a9789339218126c695.00 a9339218124c695.00 aEN-94717 bDBAD/PUB a004.36 aAlapati, Sam R. aOracle weblogic server 12c administration handbook /cby Sam R. Alapati aNew DelhibMcGraw Hill Educationc2014 aP-24, Green Park ExtensionbNew Delhie110016 axxv, 519p. :c24cm(pbk)bill. aIncludes index a Machine generated contents note: 1. Installing WebLogic Server and using the Management Tools -- 2.Administering WebLogic Server Instances -- 3.Creating and Configuring WebLogic Server Domains -- 4.Configuring Naming, Connections, Transactions, and Messaging -- 5.Configuring the WebLogic Server Environment -- 6.Monitoring and Troubleshooting WebLogic Server -- 7.Working with WebLogic Server Clusters -- 8.Understanding WebLogic Server Application Deployment -- 9.Managing WebLogic Server Security -- 10.WebLogic Server Performance Tuning -- 11.Middleware management with Enterprise Manager 12c Cloud Control -- 12.WebLogic Performance Monitoring and JVM Tuning Index. a"Maintain a high-performance enterprise application framework using the detailed information in this authoritative resource. Through expert instruction and real-world examples, Oracle WebLogic Server 12c Administration Handbook fully explains the latest management tools and techniques. Learn how to work from the Oracle WebLogic Server Administration Console or command line, configure servers and clusters, deploy applications, and optimize application performance. Tuning, troubleshooting, and load balancing are thoroughly covered in this Oracle Press guide"-- |c Provided by publisher a Web servers. a Client/server computing.